00426nam a2200133 i 4500001000300000245014400003260004100147300001800188700001800206040000800224041000800232080001100240008004100251bg 0aFizičeskoe metallovedenie.nV.3,pDefekty kristalličeskogo strojenija, mechaničeskie svojstva matallov i splavov /cPod red. R. Kana. aMoskva :bIzdatel'stvo "Mir",c1968. as. 484 :bil.1 aKAN, R.eRed. cBPK apol a669.01 s pl f |000 0 pol